<?xml version="1.0" encoding="UTF-8"?>
<record
    xmlns:xsi="http://www.w3.org/2001/XMLSchema-instance"
    xsi:schemaLocation="http://www.loc.gov/MARC21/slim http://www.loc.gov/standards/marcxml/schema/MARC21slim.xsd"
    xmlns="http://www.loc.gov/MARC21/slim">

  <leader>01230nam a22002657a 4500</leader>
  <controlfield tag="005">20170124103208.0</controlfield>
  <datafield tag="010" ind1=" " ind2=" ">
    <subfield code="a">A-384656</subfield>
  </datafield>
  <datafield tag="020" ind1=" " ind2=" ">
    <subfield code="c">25.00</subfield>
  </datafield>
  <datafield tag="035" ind1=" " ind2=" ">
    <subfield code="a">A-384656</subfield>
  </datafield>
  <datafield tag="037" ind1=" " ind2=" ">
    <subfield code="b">Cen Lib/Ret</subfield>
  </datafield>
  <datafield tag="040" ind1=" " ind2=" ">
    <subfield code="a">DPL</subfield>
    <subfield code="b">HN</subfield>
  </datafield>
  <datafield tag="082" ind1=" " ind2=" ">
    <subfield code="a">142.78</subfield>
    <subfield code="b">&#x938;&#x915;&#x94D;&#x938;&#x947;&#x928;&#x93E; </subfield>
  </datafield>
  <datafield tag="100" ind1=" " ind2=" ">
    <subfield code="a">&#x938;&#x915;&#x94D;&#x938;&#x947;&#x928;&#x93E;, &#x932;&#x915;&#x94D;&#x937;&#x94D;&#x92E;&#x940; </subfield>
    <subfield code="9">94845</subfield>
  </datafield>
  <datafield tag="245" ind1=" " ind2=" ">
    <subfield code="a">&#x905;&#x938;&#x94D;&#x924;&#x93F;&#x924;&#x94D;&#x935;&#x935;&#x93E;&#x926; &#x915;&#x947; &#x92A;&#x94D;&#x930;&#x92E;&#x941;&#x916; &#x935;&#x93F;&#x91A;&#x93E;&#x930;&#x915; /</subfield>
    <subfield code="c"> &#x932;&#x915;&#x94D;&#x937;&#x94D;&#x92E;&#x940; &#x938;&#x915;&#x94D;&#x938;&#x947;&#x928;&#x93E; [&#x90F;&#x935;&#x902;] &#x938;&#x92D;&#x93E;&#x91C;&#x940;&#x924; &#x92E;&#x93F;&#x936;&#x94D;&#x930; </subfield>
  </datafield>
  <datafield tag="246" ind1=" " ind2=" ">
    <subfield code="a">Astitvvad ke pramukh vicharak </subfield>
    <subfield code="b">by Laxmi Saxena [evam] Sabhajeet Mishar</subfield>
  </datafield>
  <datafield tag="260" ind1=" " ind2=" ">
    <subfield code="a">&#x92D;&#x94B;&#x92A;&#x93E;&#x932;  </subfield>
    <subfield code="b">&#x92E;&#x927;&#x94D;&#x92F;&#x92A;&#x94D;&#x930;&#x926;&#x947;&#x936; &#x939;&#x93F;&#x902;&#x926;&#x940; &#x917;&#x94D;&#x930;&#x928;&#x94D;&#x925; &#x905;&#x915;&#x93E;&#x926;&#x947;&#x92E;&#x940; </subfield>
    <subfield code="c">1988</subfield>
  </datafield>
  <datafield tag="270" ind1=" " ind2=" ">
    <subfield code="a">&#x92D;&#x94B;&#x92A;&#x93E;&#x932; </subfield>
    <subfield code="b">&#x92D;&#x94B;&#x92A;&#x93E;&#x932; </subfield>
  </datafield>
  <datafield tag="300" ind1=" " ind2=" ">
    <subfield code="a">258&#x92A;&#x943;&#x937;&#x94D;&#x920;</subfield>
    <subfield code="c">20&#x938;&#x947;&#x92E;&#x940;(&#x938;&#x91C;&#x93F;&#x932;&#x94D;&#x926;)</subfield>
  </datafield>
  <datafield tag="650" ind1=" " ind2=" ">
    <subfield code="a"> &#x92A;&#x93E;&#x936;&#x94D;&#x91A;&#x93E;&#x924;&#x94D;&#x92F; &#x926;&#x930;&#x94D;&#x936;&#x928; </subfield>
    <subfield code="9">232</subfield>
  </datafield>
  <datafield tag="650" ind1=" " ind2=" ">
    <subfield code="a">&#x905;&#x938;&#x94D;&#x924;&#x93F;&#x924;&#x94D;&#x935;&#x935;&#x93E;&#x926;&#x940; &#x935;&#x93F;&#x91A;&#x93E;&#x930;&#x915; </subfield>
    <subfield code="9">94846</subfield>
  </datafield>
  <datafield tag="650" ind1=" " ind2=" ">
    <subfield code="a">Western philosophy</subfield>
    <subfield code="9">34725</subfield>
  </datafield>
  <datafield tag="650" ind1=" " ind2=" ">
    <subfield code="a">Existentialist thinkers</subfield>
    <subfield code="9">94847</subfield>
  </datafield>
  <datafield tag="700" ind1=" " ind2=" ">
    <subfield code="a">&#x92E;&#x93F;&#x936;&#x94D;&#x930;,  &#x938;&#x92D;&#x93E;&#x91C;&#x940;&#x924;</subfield>
    <subfield code="9">94848</subfield>
  </datafield>
  <datafield tag="942" ind1=" " ind2=" ">
    <subfield code="2">ddc</subfield>
    <subfield code="c">HN</subfield>
    <subfield code="h">142.78</subfield>
    <subfield code="m">&#x938;&#x915;&#x94D;&#x938;&#x947;&#x928;&#x93E; </subfield>
  </datafield>
  <datafield tag="999" ind1=" " ind2=" ">
    <subfield code="c">121135</subfield>
    <subfield code="d">121135</subfield>
  </datafield>
  <datafield tag="952" ind1=" " ind2=" ">
    <subfield code="0">0</subfield>
    <subfield code="1">0</subfield>
    <subfield code="4">0</subfield>
    <subfield code="7">0</subfield>
    <subfield code="a">L</subfield>
    <subfield code="b">L</subfield>
    <subfield code="d">2015-10-01</subfield>
    <subfield code="e">Cen Lib/Ret</subfield>
    <subfield code="g">25.00</subfield>
    <subfield code="l">2</subfield>
    <subfield code="o">142.78 &#x938;&#x915;&#x94D;&#x938;&#x947;&#x928;&#x93E;</subfield>
    <subfield code="p">A-384656</subfield>
    <subfield code="r">2025-02-11 00:00:00</subfield>
    <subfield code="s">2025-01-27</subfield>
    <subfield code="t">1</subfield>
    <subfield code="v">25.00</subfield>
    <subfield code="w">2015-10-01</subfield>
    <subfield code="y">HN</subfield>
  </datafield>
</record>
